PSG 2010-2020 - Statistiques

Statistiques générales
  • Ce quiz a été pris 181 fois
  • Le résultat moyen est 23 sur 41
Statistiques - réponses
HINT Réponse % Correct
DC SILVA
92%
AD CAVANI
91%
MC VERRATTI
89%
BU IBRAHIMOVIC
88%
DC MARQUINHOS
88%
AD MBAPPE
86%
AG NEYMAR
82%
MC MATUIDI
81%
GOAL SIRIGU
80%
DG MAXWELL
79%
MC MOTTA
79%
GOAL TRAPP
78%
GOAL AREOLA
73%
MC PASTORE
73%
GOAL BUFFON
71%
AD DI MARIA
71%
AG LAVEZZI
67%
DC KIMPEMBE
62%
DC LUIZ
57%
DD VAN DER WIEL
53%
DC ALEX
52%
DLG BERNAT
51%
DG KURZAWA
51%
MC RABIOT
49%
DD AURIER
48%
DD ALVES
46%
DD JALLET
46%
DLD MEUNIER
46%
AG DRAXLER
44%
MG NENE
44%
DC SAKHO
43%
AD MENEZ
42%
AD MOURA
41%
MC CHANTOME
28%
GOAL EDEL
20%
BU ERDING
18%
DC ARMAND
15%
MD GIULY
11%
MC MAKELELE
11%
DG TIENE
10%
BU HAORAU
1%
Aucun quiz correspondant
Distribution des résultats
% des personnes avec chaque résultat
Percentile par nombre de réponses
Votre historique - résultats
Vous n’avez pas pris ce quiz